000 00472nam a2200169Ia 4500
008 131103s9999 xx 000 0 und d
040 _aLoreto College
041 _aEnglish
082 _a353.03/ROS
_bLCLIB(press)/13298
100 _aRossiter, Clinton
245 4 _aThe American Presidency
_cClinton Rossiter
260 _aAmerica
_bA signet key book
_c1956
300 _a168p
_c 19 cm.
650 _aPublic administration
850 _aLCLIB/353.03/ROS
942 _cBK
999 _c24841
_d75320